[Event "Sun Pawn A"]
[Site "Ilichevsk UKR"]
[Date "2007.07.25"]
[Round "6"]
[White "Kozel,R"]
[Black "Efremova,Y"]
[Result "1-0"]
[WhiteElo "2399"]
[BlackElo "2101"]

1.Nf3 Nf6 2.c4 c5 3.g3 b6 4.Bg2 Bb7 5.O-O e6 6.d3 Be7 7.Nc3 O-O 8.a3 d6 9.b4 cxb4
10.axb4 d5 11.cxd5 Nxd5 12.Nxd5 Bxd5 13.Bd2 Nd7 14.Rb1 b5 15.Nd4 Bxg2 16.Kxg2 Nb6
17.Nf3 Nd5 18.Qb3 Bf6 19.Rfc1 h6 20.e4 Nb6 21.Be3 Qd7 22.Bxb6 axb6 23.d4 Rfd8
24.Rd1 Qc6 25.d5 exd5 26.exd5 Qc4 27.d6 Ra2 28.Qe3 Qc6 29.Rbc1 Rc2 30.Rxc2 Qxc2
31.Qd3 Qc4 32.Qe3 Qc6 33.Qd3 Qc4 34.Qd2 Qc6 35.Qd5 Qxd5 36.Rxd5 Rd7 37.Nd4 Bxd4
38.Rxd4 f6 39.f4 f5 40.g4 fxg4 41.Kg3 Kf7 42.Kxg4 Ke6 43.Kh5 Kf5 44.h4 Kf6
45.Kg4 Ke6 46.h5 Kf6 47.Kf3 Kf5 48.Rd5+ Ke6 49.Ke4 Rd8 50.d7 Kf6 51.Rd6+ Ke7
52.Ke5  1-0

[Event "Siberia B"]
[Site "Novosibirsk RUS"]
[Date "2007.07.25"]
[Round "7"]
[White "Kharashuta,E"]
[Black "Pakhomova,E"]
[Result "1-0"]
[WhiteElo "2211"]
[BlackElo "2094"]

1.Nf3 Nf6 2.g3 b6 3.Bg2 Bb7 4.c4 c5 5.O-O e6 6.Nc3 Be7 7.Re1 d6 8.e4 Nbd7
9.d4 cxd4 10.Nxd4 Qb8 11.f4 Ng8 12.Be3 a6 13.Qd2 Qc7 14.Rac1 Ngf6 15.h3 h5
16.Qe2 Kf8 17.b3 Rc8 18.Bf2 e5 19.Nf5 g6 20.Nxe7 Kxe7 21.Be3 Kf8 22.Qf2 Kg7
23.Rf1 exf4 24.Qxf4 Qd8 25.Qxd6 Rc6 26.Qf4 Re6 27.Bd4 Qe7 28.Nd5 Bxd5 29.cxd5 Re5
30.Rc6 Ne8 31.Bxe5+ Nxe5 32.Rxb6  1-0

[Event "Quebec Open"]
[Site "Montreal CAN"]
[Date "2007.07.26"]
[Round "7"]
[White "Gerzhoy,L"]
[Black "Bolduc,S"]
[Result "1-0"]
[WhiteElo "2407"]
[BlackElo "2262"]

1.Nf3 Nf6 2.c4 e6 3.g3 b6 4.Bg2 Bb7 5.O-O c5 6.Nc3 Be7 7.Re1 d6 8.e4 O-O
9.d4 cxd4 10.Nxd4 a6 11.e5 dxe5 12.Bxb7 Ra7 13.Nc6 Qxd1 14.Nxe7+ Kh8 15.Rxd1 Rxb7
16.b3 Re8 17.Ba3  1-0

[Event "2nd Crete Summer Cup"]
[Site "Agios Nikolaos GRE"]
[Date "2007.07.27"]
[Round "7"]
[White "Sandalakis,A"]
[Black "Karlovich,A"]
[Result "0-1"]
[WhiteElo "2355"]
[BlackElo "2207"]

1.Nf3 Nf6 2.c4 e6 3.g3 b6 4.Bg2 Bb7 5.O-O c5 6.b3 Be7 7.Bb2 O-O 8.d4 cxd4
9.Qxd4 Nc6 10.Qd1 Qc7 11.Nc3 Rac8 12.Rc1 Qb8 13.Nb5 d5 14.Bxf6 Bxf6 15.cxd5 exd5
16.Bh3 Rcd8 17.Nbd4 Nxd4 18.Nxd4 Rfe8 19.e3 g6 20.Qd2 Re4 21.Bg2 Re7 22.Nc6 Bxc6
23.Rxc6 Re6 24.Rxe6 fxe6 25.Bh3 Kf7 26.Qb4 Qc7 27.Qa4 Rd6 28.Qf4 Rc6 29.Qh6 Kg8
30.Rd1 Qe5 31.Bg4 Bg5 32.Qh3 h5 33.Be2 Rc2 34.Bd3 Rxa2 35.g4 hxg4 36.Qxg4 Kg7
37.Bb1 Rb2 38.h4 Qf6 39.f4 Bxh4 40.Kh1 Bf2 41.e4 Rxb3 42.f5 Rg3 43.Qf4 e5  0-1

[Event "IGM"]
[Site "Stara Pazova SRB"]
[Date "2007.07.28"]
[Round "5"]
[White "Popchev,M"]
[Black "Berescu,A"]
[Result "1/2-1/2"]
[WhiteElo "2456"]
[BlackElo "2511"]

1.Nf3 Nf6 2.g3 b6 3.Bg2 Bb7 4.O-O e6 5.c4 c5 6.d4 cxd4 7.Nxd4 Bxg2 8.Kxg2 d6
9.b3 Qc7 10.Bb2 Nbd7 11.Nc3 a6 12.e4 Be7 13.Qe2 O-O 14.Rac1  1/2-1/2

[Event "Siberia B"]
[Site "Novosibirsk RUS"]
[Date "2007.07.29"]
[Round "11"]
[White "Kharashuta,E"]
[Black "Dolgusheva,I"]
[Result "1-0"]
[WhiteElo "2211"]
[BlackElo "2050"]

1.Nf3 Nf6 2.c4 e6 3.g3 b6 4.Bg2 Bb7 5.O-O c5 6.Nc3 Be7 7.Re1 O-O 8.e4 d6
9.d4 cxd4 10.Nxd4 Qc8 11.Be3 a6 12.Rc1 Nbd7 13.f4 Qc7 14.g4 Nc5 15.Bf2 Rfd8
16.b4 Ncd7 17.Nd5 exd5 18.cxd5 Qb8 19.Nc6 Bxc6 20.dxc6 Nc5 21.bxc5 dxc5 22.Qf3 Qc8
23.g5 Ne8 24.e5 Nc7 25.Red1 Qe6 26.Bh3 Qxa2 27.Bd7 b5 28.Bxc5 Bxc5+ 29.Rxc5 b4
30.Qe4 a5 31.Rc2 Qb3 32.Rcd2 Qc3 33.Kh1 b3 34.Rd3 Qc2 35.e6 Nxe6 36.Bxe6 Rxd3
37.Rxd3 Re8 38.Bxb3 Qb1+ 39.Kg2  1-0

[Event "Open NK"]
[Site "Dieren NED"]
[Date "2007.07.30"]
[Round "6"]
[White "Ernst,S"]
[Black "Miedema,R"]
[Result "1/2-1/2"]
[WhiteElo "2555"]
[BlackElo "2271"]

1.Nf3 Nf6 2.c4 b6 3.g3 Bb7 4.Bg2 c5 5.O-O e6 6.e3 Be7 7.b3 O-O 8.Bb2 a6 9.Qe2 Qc7
10.Nc3 Rd8 11.Rac1 d6 12.d4 cxd4 13.exd4 Nbd7 14.d5 e5 15.Nd2 Rf8 16.Kh1 Rae8
17.f4 g6 18.f5 Nh5 19.Nce4 Bc8 20.Qe3 Qd8 21.Qh6 Bf6 22.Bf3 Bg7 23.Qe3 Ndf6
24.Ba3 Bxf5 25.Nxd6 Bh3 26.Nxe8 Rxe8 27.d6 e4 28.Be2 Qd7 29.c5 Nd5 30.Qg5 Nc3
31.Bxh5 e3 32.Bf3 bxc5 33.Nc4 Ne4 34.Bxe4 Rxe4 35.Qd5 e2 36.Qxe4 exf1=Q+
37.Rxf1 Bxf1 38.Bxc5 Bh3 39.Nb6 Qb5 40.Qc4 Qe8 41.d7 Qe1+ 42.Bg1 Qd1 43.Qe4 Bf6
44.Qd5 Qxd5+ 45.Nxd5 Bd8 46.Bd4 Bxd7 47.Kg1 f5 48.Nb4 a5 49.Nd3 Kf7 50.Ne5+ Ke6
51.Nxd7 Kxd7 52.Kf2 Kc6 53.Kf3 Bc7 54.Bc3 Kb5 55.Bd2 Kc5 56.Ke3 g5 57.Kd3 g4
58.a3 h5 59.b4+ axb4 60.axb4+ Kb5 61.Ke3 Kc4 62.Be1 Be5  1/2-1/2

[Event "Open"]
[Site "Olomouc CZE"]
[Date "2007.08.07"]
[Round "7"]
[White "Cerveny,M"]
[Black "Hradecky,I"]
[Result "1-0"]
[WhiteElo "2304"]
[BlackElo "2086"]

1.Nf3 c5 2.c4 Nf6 3.g3 b6 4.Bg2 Bb7 5.O-O e6 6.Nc3 Be7 7.d4 cxd4 8.Qxd4 d6
9.Rd1 a6 10.Bg5 Nbd7 11.e4 O-O 12.b4 Qc7 13.Rac1 Rac8 14.Bxf6 Nxf6 15.Nd2 Rfe8
16.Kh1 Ng4 17.f4 e5 18.Qg1 exf4 19.gxf4 d5 20.e5 dxc4 21.Nd5 Qb8 22.Be4 f5
23.Bf3 b5 24.Nf1 Bxb4 25.Rc2 Rcd8 26.h3 Nh6 27.Rg2 Bf8 28.Nfe3 Kh8 29.Kh2 c3
30.Qf2 b4 31.Qg3 Rd7 32.Rdg1 Re6 33.Qg5 Rg6 34.Qh5 Rxg2+ 35.Rxg2 Qd8 36.e6 Bxd5
37.exd7 Bxf3 38.Qe8 Nf7 39.Qxf7 Qb8 40.Rxg7 Qxf4+ 41.Rg3  1-0

[Event "UTwente YM"]
[Site "Hengelo NED"]
[Date "2007.08.08"]
[Round "5"]
[White "Lysyj,I"]
[Black "Iljin,A"]
[Result "1-0"]
[WhiteElo "2578"]
[BlackElo "2569"]

1.Nf3 c5 2.c4 Nf6 3.g3 b6 4.Bg2 Bb7 5.O-O e6 6.b3 Be7 7.Bb2 O-O 8.e3 d5 9.Nc3 Re8
10.cxd5 Nxd5 11.Nxd5 Bxd5 12.d4 Qc8 13.dxc5 Bxc5 14.Ng5 Qd7 15.Qd3 f5 16.Bxd5 exd5
17.Rfd1 Rd8 18.Qc3 Bf8 19.Rac1 Na6 20.Qe5 Nc5 21.b4 Ne4 22.Ne6  1-0

[Event "Open"]
[Site "Kavala GRE"]
[Date "2007.08.09"]
[Round "6"]
[White "Milanovic,Da"]
[Black "Perunovic,Mil"]
[Result "1/2-1/2"]
[WhiteElo "2495"]
[BlackElo "2589"]

1.Nf3 c5 2.c4 Nf6 3.g3 b6 4.Bg2 Bb7 5.O-O e6 6.Nc3 a6 7.Re1 Be7 8.e4 d6 9.d4 cxd4
10.Nxd4 Nxe4  1/2-1/2

[Event "FSIMB August"]
[Site "Budapest HUN"]
[Date "2007.08.16"]
[Round "11"]
[White "Farago,S"]
[Black "Gauri,S"]
[Result "1/2-1/2"]
[WhiteElo "2296"]
[BlackElo "2177"]

1.Nf3 Nf6 2.c4 b6 3.g3 Bb7 4.Bg2 e6 5.O-O c5 6.Nc3 Be7 7.Re1 d6 8.e4 Nbd7
9.d4 cxd4 10.Nxd4 Qb8 11.b3 O-O 12.Bb2 Rd8 13.Qe2 a6 14.Rad1 Qc7 15.f4 Nf8
16.Kh1 Rab8 17.f5 e5 18.Nf3 Bc6 19.Nd2 b5 20.Nd5 Bxd5 21.cxd5 N8d7  1/2-1/2

[Event "Independence Cup A"]
[Site "Kyiv UKR"]
[Date "2007.08.16"]
[Round "4"]
[White "Bidkova,V"]
[Black "Henrichsen,J"]
[Result "0-1"]
[WhiteElo "2044"]
[BlackElo "2018"]

1.Nf3 Nf6 2.c4 e6 3.g3 b6 4.Bg2 Bb7 5.O-O c5 6.d4 cxd4 7.Qxd4 d6 8.Nc3 a6
9.Rd1 Nbd7 10.e4 Qc7 11.b3 Rc8 12.Bb2 Be7 13.Rac1 Qb8 14.Ne1 O-O 15.Nc2 Rfd8
16.Ne3 Bf8 17.Qd3 Qa8 18.f3 Bc6 19.Ra1 Be7 20.Qe2 Bf8 21.Bf1 Bb7 22.Rd2 Re8
23.Qd3 Ne5 24.Qe2 Ned7 25.Rad1 Rc7 26.Bg2 Qc8 27.Rc1 d5 28.Kh1 dxe4 29.Nxe4 Nxe4
30.fxe4 Qa8 31.Ng4 e5 32.Rf1 f6 33.Rfd1 Nc5 34.Nf2 Bc6 35.b4 Na4 36.b5 axb5
37.cxb5 Nxb2 38.Rxb2 Bb7 39.Nd3 Rc4 40.Re1 Rec8 41.Qg4 Qa4 42.Qe6+ Kh8 43.Qxb6 Bxe4
44.Bxe4 Rxe4 45.Reb1 Qc4 46.Nb4 Bxb4 47.Rxb4 Qd5 48.Kg1 Re2 49.Qf2 Rxf2 50.Kxf2 Rc2+
51.Ke3 Qd2+ 52.Ke4 Qg2+ 53.Kf5 Qd5 54.b6 Rf2+ 55.Kg4 Qe6+ 56.Kh5 Rxh2+ 57.Rh4 Qf5+  0-1

[Event "1st Serbian League Men"]
[Site "Zlatibor SRB"]
[Date "2007.08.20"]
[Round "9"]
[White "Barlov,D"]
[Black "Lajthajm,B"]
[Result "1/2-1/2"]
[WhiteElo "2469"]
[BlackElo "2511"]

1.Nf3 Nf6 2.c4 e6 3.g3 b6 4.Bg2 Bb7 5.O-O c5 6.Nc3 Be7 7.Re1 d5 8.cxd5 Nxd5
9.Nxd5 Qxd5 10.e4 Qd8 11.d4 cxd4 12.Nxd4 O-O 13.Bf4 Nd7 14.Nb5 e5 15.Be3 Nc5
16.Nc3 Ne6 17.Qh5 Bg5 18.Rad1 Qf6 19.Nd5 Qg6 20.Qxg6 hxg6 21.Bxg5 Nxg5 22.Ne7+ Kh7
23.Rd7 Rab8 24.f4 Ne6 25.fxe5 Nc5 26.Rc7 Na6 27.Rd7 Nc5 28.Rc7 Na6  1/2-1/2

[Event "Dato Arthur Tan Malaysian Op"]
[Site "Kuala Lumpur MAS"]
[Date "2007.08.24"]
[Round "7"]
[White "Ginting,Nas"]
[Black "Legaspi,R"]
[Result "1/2-1/2"]
[WhiteElo "2393"]
[BlackElo "2316"]

1.Nf3 e6 2.c4 Nf6 3.g3 b6 4.Bg2 Bb7 5.O-O c5 6.Nc3 Be7 7.Re1 Ne4 8.Nxe4 Bxe4
9.d3 Bb7 10.e4 O-O 11.d4 d6 12.b3 Nd7 13.Bb2 Qc7 14.Qe2 Rfe8 15.Rad1 a6 16.Qd2 b5
17.d5 exd5 18.exd5 Bf6 19.Nh4 bxc4 20.Bxf6 Nxf6 21.Nf5 Rxe1+ 22.Rxe1 Re8
23.bxc4 Bc8 24.Rxe8+ Nxe8 25.Qe2 Kf8 26.Ne3 Qb6 27.Qc2 h6 28.h4 Qb4 29.g4 Qe1+
30.Kh2 Nf6 31.Bf3 g5 32.Qb2 Ke7 33.hxg5 hxg5 34.a3 Nd7 35.Nf5+ Kd8 36.Nxd6 Ne5
37.Kg2 Nd3 38.Qb6+ Kd7 39.Qc6+ Ke7 40.Nxc8+ Kd8 41.Qf6+ Kc7 42.d6+ Kb8 43.d7 Qxf2+
44.Kh1 Qf1+ 45.Kh2 Qf2+ 46.Kh1 Qf1+ 47.Kh2 Qf2+ 48.Kh1  1/2-1/2

[Event "1st Serbian League Men"]
[Site "Zlatibor SRB"]
[Date "2007.08.24"]
[Round "4"]
[White "Pavlovic,Milo2"]
[Black "Jeremic,V"]
[Result "1/2-1/2"]
[WhiteElo "2438"]
[BlackElo "2523"]

1.Nf3 Nf6 2.c4 e6 3.g3 b6 4.Bg2 Bb7 5.O-O c5 6.Nc3 Be7 7.d4 cxd4 8.Qxd4 d6
9.Bg5 a6 10.Bxf6 Bxf6 11.Qf4 Ra7 12.Rfd1 Be7 13.Ne4 Bxe4 14.Qxe4 Rd7 15.Nd4 O-O
16.e3 Qc7 17.Rac1 Rc8 18.Qb1 Qd8 19.b4 Rdc7 20.b5 axb5 21.cxb5 d5 22.Rxc7 Qxc7
23.e4 dxe4 24.Qxe4 g6 25.Nc6 Nxc6 26.bxc6 Rd8  1/2-1/2

[Event "1st Serbian League Women"]
[Site "Zlatibor SRB"]
[Date "2007.08.27"]
[Round "7"]
[White "Zivkovic,Ves"]
[Black "Nedeljkovic,R"]
[Result "1-0"]
[WhiteElo "2088"]
[BlackElo "1877"]

1.Nf3 Nf6 2.g3 b6 3.Bg2 Bb7 4.O-O e6 5.c4 c5 6.Nc3 Be7 7.d3 O-O 8.e4 d6 9.Qc2 Nc6
10.b3 h6 11.h3 Nh7 12.Be3 f5 13.Rad1 g5 14.exf5 exf5 15.Nd5 Ne5 16.d4 Bxd5
17.dxe5 Be4 18.Qe2 Qc7 19.exd6 Bxd6 20.Bc1 Rfe8 21.Qd2 Rad8 22.Qc3 Qg7 23.Qxg7+ Kxg7
24.h4 g4 25.Ne1 Nf6 26.Bb2 Kg6 27.Bxe4 Rxe4 28.Ng2 Re2 29.Rxd6 Rxd6 30.Nf4+ Kf7
31.Nxe2 Rd2 32.Bxf6 Kxf6 33.Nc3 Rc2 34.Nd5+ Ke5 35.Re1+ Kd4 36.Rd1+ Ke4 37.Kg2 Ke5
38.Ne3 Rxa2 39.Rd5+ Ke6 40.Nxf5 Rb2 41.Nxh6 Rxb3 42.Nxg4 a5 43.h5 a4 44.h6 Kf7
45.h7 Kg7 46.Rd7+ Kh8 47.Ne5  1-0

[Event "4th LGA Premium Cup"]
[Site "Nuernberg GER"]
[Date "2007.09.07"]
[Round "2"]
[White "Besel,W"]
[Black "Del Rio Angelis,S"]
[Result "0-1"]
[WhiteElo "2161"]
[BlackElo "2506"]

1.Nf3 c5 2.c4 Nf6 3.g3 b6 4.Bg2 Bb7 5.O-O e6 6.Nc3 d5 7.cxd5 Nxd5 8.b3 Be7
9.Bb2 O-O 10.Rc1 Nd7 11.Qc2 Rc8 12.Qb1 N7f6 13.Qa1 Qc7 14.d4 Nxc3 15.Rxc3 Qb8
16.dxc5 Bxc5 17.Rcc1 Be7 18.Rxc8 Rxc8 19.Rc1 Ne8 20.Rxc8 Qxc8 21.Qc1 Qxc1+
22.Bxc1 Bc5 23.Ne5 Bxg2 24.Kxg2 b5 25.Nd3 Bb6 26.Be3 f6 27.Bc5 Bxc5 28.Nxc5 Kf7
29.e4 Ke7 30.f4 Kd6 31.Nd3 a5 32.Kf3 Nc7 33.a3 e5 34.f5 Kc6 35.Ke3 Ne8 36.Nb2 Nd6
37.Kd3 Nb7 38.b4 a4 39.Ke3 Nd6 40.Kd3 Kd7 41.Ke3 h5 42.h3 Ke7 43.Kd3 Kf7
44.Ke3 g6 45.fxg6+ Kxg6 46.h4 f5 47.exf5+ Kxf5 48.Kf3 e4+ 49.Kf2 Ke5 50.Nd1 Nc4
51.Ne3 Nxe3 52.Kxe3 Kf5 53.Kd4 Kg4 54.Kxe4 Kxg3 55.Kf5 Kxh4 56.Kf4 Kh3 57.Kg5 h4  0-1

[Event "4th LGA Premium Cup"]
[Site "Nuernberg GER"]
[Date "2007.09.07"]
[Round "3"]
[White "Lange,Ca"]
[Black "Meier,Geo"]
[Result "0-1"]
[WhiteElo "2085"]
[BlackElo "2546"]

1.Nf3 Nf6 2.c4 e6 3.g3 b6 4.Bg2 Bb7 5.O-O c5 6.b3 Be7 7.Bb2 O-O 8.e3 a6 9.Qe2 d6
10.Nc3 Nbd7 11.Rfd1 Rc8 12.Rac1 Rc7 13.d4 Qa8 14.Ne1 cxd4 15.Bxb7 Rxb7 16.exd4 b5
17.Nd3 bxc4 18.bxc4 Rc8 19.Ne4 Nxe4 20.Qxe4 Rxc4 21.Qe2 Nb6 22.Nf4 d5 23.Nd3 Rxc1
24.Bxc1 Nc4 25.Bf4 Bf6 26.Be3 Qe8 27.Rc1 Rb6 28.Kg2 Qa4 29.h4 Qa3 30.Rc2 h6
31.h5 Rb5 32.g4 Qe7 33.f4 Qa7 34.Ne5 Bxe5 35.fxe5 Qe7 36.Bc1 Qh4 37.Rc3 Rb1
38.Rh3 Qe7 39.Qc2 Rb7 40.Kg3 Qb4 41.Rh1 Qb1 42.Rh2 a5 43.Qxb1 Rxb1 44.Rc2 a4
45.Kf3 a3 46.Ke2 Kf8 47.Kd3 Ra1 48.Kc3 Ke8 49.Kb3 Rb1+ 50.Kc3 Kd7 51.Kd3 Kc6
52.Kc3 Kb5 53.Kd3 Rb2 54.Kc3 Rb4 55.Rf2 Rb1 56.Kc2 Ra1 57.Rxf7 Rxa2+ 58.Kb1 Rg2
59.Rxg7 a2+ 60.Ka1 Rg1 61.g5 Rxc1+ 62.Kxa2 hxg5  0-1

[Event "Open"]
[Site "Peiraias GRE"]
[Date "2007.09.07"]
[Round "7"]
[White "Gazis,Ef"]
[Black "Ilandzis,S"]
[Result "1/2-1/2"]
[WhiteElo "2307"]
[BlackElo "2174"]

1.Nf3 Nf6 2.c4 e6 3.g3 b6 4.Bg2 Bb7 5.O-O c5 6.b3 Be7 7.Bb2 O-O 8.Nc3 Ne4
9.Re1 f5 10.d3 Nxc3 11.Bxc3 Bf6 12.Qc2 d6 13.Rad1 Nd7 14.Ng5 Bxg5 15.Bxb7 Rb8
16.Bg2 Bf6 17.d4 Qe7 18.Rd2 g6 19.Red1 Qg7 20.e3 Rbc8 21.Rd3 cxd4 22.Bxd4 d5
23.Bxf6 Qxf6 24.Rc3 b5 25.Rd4 b4 26.Rcd3 Rc5 27.Rd1 Ne5 28.Qd2 Nc6 29.cxd5 Nxd4
30.Qxd4 Qxd4 31.exd4 Rxd5 32.Bxd5 exd5 33.Rc1 Re8 34.Rc7 Re4 35.Rxa7 Rxd4
36.Kf1 Rd2 37.Ke1 Rc2 38.Ra5 Rc1+ 39.Kd2 Rf1 40.Ke2 Ra1 41.Ke3 Rd1 42.Ke2 Ra1
43.Rxd5 Rxa2+ 44.Ke3 Rb2 45.Rd3 Kg7 46.h4 h6 47.f3 Kf6 48.Kd4 Rc2 49.f4 Rc1
50.Re3 Rc2 51.Kd3 Rc1 52.Kd2 Rg1 53.Kc2 g5 54.hxg5+ hxg5 55.Rd3 Rg2+ 56.Kd1 g4
57.Ke1 Ke6 58.Kf1 Rc2 59.Ke1 Rg2 60.Kf1 Rc2  1/2-1/2

[Event "Open"]
[Site "Liverpool ENG"]
[Date "2007.09.08"]
[Round "8"]
[White "McNab,C"]
[Black "James,Dav"]
[Result "1-0"]
[WhiteElo "2416"]
[BlackElo "2220"]

1.Nf3 Nf6 2.c4 e6 3.g3 b6 4.Bg2 Bb7 5.O-O c5 6.b3 Be7 7.Bb2 O-O 8.d3 d5 9.e3 Nc6
10.Qe2 Qc7 11.Nc3 Rac8 12.Rfd1 Rfd8 13.Rac1 Qb8 14.h4 h6 15.Ba1 a6 16.cxd5 exd5
17.Na4 Qa7 18.d4 c4 19.bxc4 dxc4 20.e4 b5 21.d5 bxa4 22.dxc6 Bxc6 23.Nd4 Bb5
24.e5 Ne8 25.Qg4 Ba3 26.Rc2 Bd7 27.e6 Bxe6 28.Nxe6 Rxd1+ 29.Qxd1 fxe6 30.Bh3 Qe7
31.Qe2 Rc6 32.Rxc4 Rxc4 33.Bxe6+ Kh8 34.Bxc4 Nc7 35.Qd2 Qd6 36.Qc3 Qe7 37.Kg2 Bc5
38.Qf3 a5 39.Qf4 Kh7 40.Bd3+ Kg8 41.Qf5 Ne8 42.Bc4+ Kh8 43.Qe6 Qxe6 44.Bxe6 Kh7
45.h5 Nf6 46.Bf7 Ne4  1-0

[Event "ch-Africa Men"]
[Site "Windhoek NAM"]
[Date "2007.09.08"]
[Round "8"]
[White "Oatlhotse,P"]
[Black "Mandiza,F"]
[Result "0-1"]
[WhiteElo "2154"]
[BlackElo "2366"]

1.Nf3 Nf6 2.c4 c5 3.g3 b6 4.Bg2 Bb7 5.O-O e6 6.Nc3 a6 7.d4 d6 8.d5 e5 9.a4 Nbd7
10.e4 g6 11.Ne1 Bg7 12.Nd3 O-O 13.Bg5 h6 14.Bd2 Kh7 15.Qc2 Ne8 16.Rae1 Nc7
17.f4 Rb8 18.Bh3 Bc8 19.Bxd7 Bxd7 20.fxe5 dxe5 21.a5 b5 22.Nxc5 bxc4 23.N3a4 Bb5
24.Rf2 Ne8 25.Nb6 Nd6 26.Bb4 Qe7 27.Nca4 Rfd8 28.Nxc4 Bxc4 29.Qxc4 Nxc4 30.Bxe7 Rd7
31.Bc5 Nxa5 32.Nb6 Rdb7 33.b4 Nb3 34.Nc4 Kg8 35.Na5 Nxa5 36.bxa5 Rb5 37.Ba7 R8b7
38.Bb6 Bf8 39.Rc2 Bb4 40.Rc8+ Kg7 41.Ra1 f5 42.exf5 gxf5 43.Rd1 Kf7 44.d6 Rd7
45.Rd8 Bc5+ 46.Kg2 Rxd8 47.Bxd8 Ke6 48.Bc7 Bd4 49.d7 Kxd7 50.Bxe5 Rxe5 51.Rxd4+ Kc6
52.Rh4 Rxa5 53.Rxh6+ Kd5 54.h4 Ke4 55.Re6+ Kd5 56.Re3 Ra2+ 57.Kf3 Kd4 58.Re6 a5
59.Kf4 Rf2+ 60.Kg5 Rf3 61.g4 fxg4 62.Kxg4 Rb3 63.h5 Kc5 64.h6 Rb8 65.Kg5 a4
66.h7  0-1

[Event "Open"]
[Site "Liverpool ENG"]
[Date "2007.09.09"]
[Round "9"]
[White "Sebenik,M"]
[Black "Ansell,S"]
[Result "0-1"]
[WhiteElo "2465"]
[BlackElo "2405"]

1.Nf3 c5 2.g3 b6 3.Bg2 Bb7 4.O-O Nf6 5.c4 e6 6.Nc3 Be7 7.Re1 d6 8.e4 a6 9.d4 cxd4
10.Nxd4 Qc7 11.Be3 O-O 12.Rc1 Nbd7 13.f4 Rac8 14.f5 e5 15.Nb3 Qb8 16.Qe2 Bc6
17.g4 h6 18.h4 Nh7 19.Bf2 Bd8 20.a4 Nc5 21.Nd2 Nxa4 22.Nxa4 Bxa4 23.Ra1 Bc6
24.Rxa6 b5 25.b3 g5 26.Bf1 Bb7 27.Ra7 gxh4 28.cxb5 Ng5 29.Qd3 Re8 30.Bg2 h3
31.Bxh3 d5 32.exd5 e4 33.Nxe4 Nxh3+ 34.Qxh3 Bxd5 35.Qd3 Rxe4 36.Rxe4 Bxe4
37.Qxe4 Bb6 38.Ra8 Bxf2+  0-1

[Event "60th ch-RUS Higher League"]
[Site "Krasnoyarsk RUS"]
[Date "2007.09.13"]
[Round "10"]
[White "Maletin,P"]
[Black "Popov,Val"]
[Result "1-0"]
[WhiteElo "2567"]
[BlackElo "2577"]

1.Nf3 Nf6 2.g3 b6 3.Bg2 Bb7 4.O-O e6 5.c4 c5 6.Nc3 Be7 7.Re1 d6 8.e4 a6 9.d4 cxd4
10.Nxd4 Qc7 11.Be3 O-O 12.Rc1 Nbd7 13.f4 Rfe8 14.g4 h6 15.g5 hxg5 16.fxg5 Nh7
17.g6 Nhf8 18.gxf7+ Kxf7 19.Nd5 exd5 20.cxd5 Nc5 21.b4 Bf6 22.bxc5 bxc5 23.Rf1 Kg8
24.Nf5 Bc8 25.Nh6+ Kh7 26.Qh5 g6 27.Ng4+ gxh5 28.Nxf6+ Kh8 29.Nxe8 Qe7 30.Nxd6 Nd7
31.Nf7+ Kg7 32.Bg5 Qe8 33.Bd2 Kg8 34.Bc3 Nb6 35.Rf6 Nxd5 36.Rg6+ Kf8 37.Rf1  1-0

[Event "17th Senior WCh"]
[Site "Gmunden AUT"]
[Date "2007.09.18"]
[Round "2"]
[White "Mesiarik,R"]
[Black "Butnorius,A"]
[Result "0-1"]
[WhiteElo "2167"]
[BlackElo "2394"]

1.Nf3 c5 2.c4 Nf6 3.g3 b6 4.Bg2 Bb7 5.O-O e6 6.d4 cxd4 7.Qxd4 Bc5 8.Qd1 O-O
9.Nc3 a6 10.a3 Be7 11.Qb3 d6 12.Rd1 Nbd7 13.h3 Qc7 14.Be3 Rfc8 15.Nd2 Bxg2
16.Kxg2 Rab8 17.Rac1 Ne5 18.Na4 Nfd7 19.f3 Bf6 20.Ne4 Be7 21.Bf4 Bf8 22.Rc3 h6
23.h4 Re8 24.Qc2 f5 25.Nf2 Rbc8 26.b3 Qb7 27.Nb2 b5 28.cxb5 axb5 29.Rc1 Rxc3
30.Qxc3 Ra8 31.a4 bxa4 32.Nxa4 Rb8 33.Rb1 Qb5 34.Qc2 Nf6 35.Bxe5 dxe5 36.Qd3 Qc6
37.Rd1 Rb4 38.Qc3 Qxc3 39.Nxc3 Rxb3 40.Rc1 Ba3 41.Rc2 Bb4 42.Na2 Ba5 43.e4 Bb6
44.Nc1 Ra3 45.Ncd3 Bd4 46.Re2 Nd7 47.Rc2 Kf7 48.g4 fxg4 49.fxg4 Ke7 50.Rc6 Rb3
51.Rc8 Rb7 52.Rc6 Nf8 53.Kf3 Ng6 54.h5 Nf8 55.Ra6 Nh7 56.Ke2 Ng5 57.Ra2 Rb1
58.Ra5 Kf6 59.Ra8 Rg1 60.Rf8+ Ke7 61.Ra8 Rg3 62.Rg8 Kf7 63.Rd8 Re3+ 64.Kf1 Nxe4
65.Rd7+ Kf8 66.Kg2 Nxf2  0-1

[Event "IV Amateur Open"]
[Site "Calvia ESP"]
[Date "2007.10.10"]
[Round "5"]
[White "Barcelo,P"]
[Black "Fokin,Se RUS"]
[Result "1/2-1/2"]
[WhiteElo "2190"]
[BlackElo "2143"]

1.Nf3 c5 2.c4 Nf6 3.g3 b6 4.Bg2 Bb7 5.O-O e6 6.Nc3 Be7 7.Re1 d6 8.e4 a6 9.d4 cxd4
10.Nxd4 Qc7 11.Be3 O-O 12.Rc1 Nbd7 13.f4 Rfe8 14.Nd5 exd5 15.cxd5 Qd8 16.Nc6 Bxc6
17.dxc6 Nc5 18.c7 Qxc7 19.e5 dxe5 20.Bxa8 Rxa8 21.b4 exf4 22.Bxf4 Qb7 23.bxc5 Bxc5+
24.Be3 Ba3 25.Rb1 b5 26.Rb3 Bf8 27.Rd3 Qc7 28.Qf3 Re8 29.Rc1 Qa5 30.Rc2 Qe1+
31.Kg2 Qb1 32.Qc6 Re6 33.Qc8 Re8 34.Qc6 Re6 35.Qc8  1/2-1/2

[Event "TCh-HUN 2007-8"]
[Site "Budapest HUN"]
[Date "2007.10.14"]
[Round "1"]
[White "Balog,M"]
[Black "Izsak,Gyu"]
[Result "1/2-1/2"]
[WhiteElo "2288"]
[BlackElo "2427"]

1.Nf3 Nf6 2.g3 b6 3.Bg2 Bb7 4.O-O c5 5.c4 e6 6.Nc3 Be7 7.d4 cxd4 8.Qxd4 Nc6
9.Qd3 Rc8 10.e4 d6 11.b3 Ne5 12.Qe2 Nxf3+ 13.Bxf3 Nd7 14.Bb2 O-O 15.Rfd1 a6
16.Bg2 Qc7 17.Rac1 Qb8 18.f4 Rfd8 19.Nb1  1/2-1/2

[Event "WJun Girls"]
[Site "Yerevan ARM"]
[Date "2007.10.14"]
[Round "11"]
[White "Karavade,E"]
[Black "Hoolt,S"]
[Result "1-0"]
[WhiteElo "2331"]
[BlackElo "2199"]

1.Nf3 Nf6 2.c4 c5 3.g3 b6 4.Bg2 Bb7 5.O-O e6 6.Nc3 Be7 7.Re1 Ne4 8.Nxe4 Bxe4
9.d3 Bb7 10.e4 Nc6 11.d4 cxd4 12.Nxd4 Nxd4 13.Qxd4 O-O 14.Bf4 Bc5 15.Qd3 Qe7
16.Rad1 Bc6 17.a3 a5 18.e5 Bxg2 19.Kxg2 Rad8 20.h4 h6 21.h5 f6 22.Qe4 fxe5
23.Qxe5 Qf6 24.Re2 Qxe5 25.Bxe5 d5 26.cxd5 Rxd5 27.Rxd5 exd5 28.Rd2 a4 29.f4 Rd8
30.Kf3 Kf7 31.Kg4 Rd7 32.Kf5 b5 33.g4 Be3 34.Rd3 Bc1 35.g5 hxg5 36.fxg5 Ke8
37.g6 Bh6 38.Ke6 Re7+ 39.Kxd5 Kd7 40.Rc3 Kd8 41.Rc6 Be3 42.Re6 Rb7 43.Bxg7  1-0

[Event "Open A"]
[Site "Arco di Trento ITA"]
[Date "2007.10.27"]
[Round "8"]
[White "Ager,J"]
[Black "Nicholson,JG"]
[Result "1/2-1/2"]
[WhiteElo "2188"]
[BlackElo "2170"]

1.Nf3 c5 2.g3 b6 3.Bg2 Bb7 4.O-O Nf6 5.c4 e6 6.Nc3 Be7 7.d4 cxd4 8.Nxd4 Bxg2
9.Kxg2 Qc8 10.Qd3 O-O 11.b3 Nc6 12.Bb2 Ne5 13.Qd1 Qb7+ 14.Kg1 Rfd8 15.e4 d5
16.exd5 exd5 17.Qe2 Ng6 18.Qf3 Ne5 19.Qe2  1/2-1/2

[Event "13th Venice Autumn"]
[Site "Venice ITA"]
[Date "2007.11.02"]
[Round "3"]
[White "Mileto,G"]
[Black "Kasparov,S"]
[Result "0-1"]
[WhiteElo "2164"]
[BlackElo "2466"]

1.Nf3 Nf6 2.c4 c5 3.g3 b6 4.Bg2 Bb7 5.O-O e6 6.Nc3 d6 7.Re1 Be7 8.e4 Nbd7
9.d4 cxd4 10.Nxd4 Qc7 11.b3 a6 12.Bb2 O-O 13.f4 Rad8 14.Qe2 Rfe8 15.Rad1 e5
16.Nc2 exf4 17.gxf4 d5 18.Nxd5 Bxd5 19.cxd5 Bc5+ 20.Kh1 Qxf4 21.Qf3 Qh4 22.Rf1 Bd6
23.h3 Qxe4 24.Qxe4 Nxe4 25.Bxe4 Rxe4 26.Nd4 g6 27.Rg1 Rde8 28.Nf5 Be5 29.Bxe5 R8xe5
30.Nd6 Rh4 31.Kh2 Rhh5 32.Nc8 Re8 33.Na7 Kg7 34.Rg2 Ree5 35.d6 Rd5 36.Rdd2 Rxd2
37.Rxd2 Rc5 38.Re2 Rd5 39.Nc8 Kf6 40.Re7 Rxd6 41.Rxf7+ Kxf7 42.Nxd6+ Ke6
43.Nc4 b5 44.Ne3 Ke5 45.Kg3 Kd4 46.Kf2 Nf6  0-1

[Event "TCh-FIN 2007-8"]
[Site "Finland FIN"]
[Date "2007.11.17"]
[Round "4"]
[White "Novik,Ma"]
[Black "Nyback,T"]
[Result "1/2-1/2"]
[WhiteElo "2467"]
[BlackElo "2565"]

1.Nf3 Nf6 2.c4 b6 3.g3 c5 4.Bg2 Bb7 5.O-O e6 6.b3 Be7 7.Bb2 O-O 8.Nc3 d5
9.e3 Nbd7 10.Qe2 Ne4 11.cxd5 Nxc3 12.dxc3 exd5 13.Rfd1 Qc7 14.Ne1 Nf6 15.c4 dxc4
16.bxc4 Rad8 17.Bxb7 Qxb7 18.Ng2 Rxd1+ 19.Rxd1 Rd8 20.Rxd8+ Bxd8 21.Bxf6 Bxf6
22.Nf4 Qe4 23.Qd3 Qxd3 24.Nxd3 Kf8 25.Kg2 Ke7 26.f4 Kd6 27.e4 Bd4 28.e5+ Kc6
29.a4 a6 30.Kf3 b5 31.axb5+ axb5 32.cxb5+ Kxb5 33.Ke4 g6 34.g4 Bg1 35.h3 c4
36.Nc1 Kc6 37.Ne2 Bc5 38.f5 gxf5+ 39.gxf5 Ba3 40.Nc3 Bb2 41.Kd4 Bxc3+  1/2-1/2

[Event "TCh-BEL 2007-8"]
[Site "Belgium BEL"]
[Date "2007.11.18"]
[Round "4"]
[White "Hausrath,D"]
[Black "Miedema,R"]
[Result "1-0"]
[WhiteElo "2499"]
[BlackElo "2303"]

1.Nf3 c5 2.c4 Nf6 3.g3 b6 4.Bg2 Bb7 5.O-O e6 6.Nc3 Be7 7.d4 cxd4 8.Qxd4 Nc6
9.Qf4 Qb8 10.Rd1 O-O 11.Qxb8 Raxb8 12.Bf4 Rbd8 13.Bd6 Bxd6 14.Rxd6 Ne8 15.Rd2 Na5
16.b3 Nf6 17.Rad1 Rc8 18.Nb5 d5 19.cxd5 Ne4 20.Rd4 exd5 21.Ne5 Rc2 22.Bxe4 dxe4
23.Nd7 Re8 24.Nd6 Rd8 25.Nf5 Re8 26.Nd6 Rd8 27.Nf5 Re8 28.Ne5 Rc5 29.Nxf7 Rxf5
30.Nd6 Rff8 31.Nxe8 Rxe8 32.Rd7 Ba6 33.Rxa7 Bxe2 34.Rdd7 h5 35.Rxg7+ Kh8
36.Rh7+ Kg8 37.Rag7+ Kf8 38.Rc7 Kg8 39.Rhg7+ Kh8 40.Rgd7 Bg4 41.Rd6 e3 42.fxe3  1-0

[Event "WYb14"]
[Site "Kemer TUR"]
[Date "2007.11.19"]
[Round "2"]
[White "Popilski,G"]
[Black "Sariyev,R"]
[Result "1-0"]
[WhiteElo "2238"]
[BlackElo "1978"]

1.Nf3 Nf6 2.c4 e6 3.g3 b6 4.Bg2 Bb7 5.O-O c5 6.Nc3 Be7 7.d4 cxd4 8.Qxd4 d6
9.b3 Nc6 10.Qf4 a6 11.Rd1 Qc7 12.Bb2 Rd8 13.Rac1 Qb8 14.Ng5 h6 15.Nge4 O-O
16.Nd5 Nxe4 17.Nxe7+ Nxe7 18.Bxe4 Bxe4 19.Qxe4 Qc8 20.Qd4 Nf5 21.Qxb6 Qa8
22.f3 d5 23.cxd5 exd5 24.g4 Nh4 25.Qf2 Ng6 26.Qd4 f6 27.Rc5 Ne7 28.Rc7 Rfe8
29.Qb6 Qb8 30.Rb7 Qf4 31.Qe6+ Kf8 32.Ba3  1-0